| 000 | 01872nam a2200373 a 4500 | ||
|---|---|---|---|
| 999 |
_c144818 _d144818 |
||
| 003 | BLK | ||
| 005 | 20250330004146.0 | ||
| 008 | 180410b bul|||||r ||||||| ||bul|| | ||
| 010 | _aKNG00150978000 | ||
| 040 | _aBLK | ||
| 041 |
_aBUL _cBUL |
||
| 080 |
_aРуска литература _b821.161.1 _x-93-32 _z821.161.1-93-32 |
||
| 100 | 1 |
_aГайдар, Аркадий _eпърви автор _gГоликов, Аркадий Петрович _9283011 |
|
| 139 |
_aГайдар, Аркадий _bГ 16 |
||
| 245 | 1 | 0 |
_aВоенна тайна _bПовест : За нач. и средна уч. възраст _cАркадий Гайдар; прев. от рус. Атанас Христов Далчев; худож. Владимир Коренев; * Аркадий Петрович Голиков. |
| 250 | _a2. изд. | ||
| 257 | _aSUN | ||
| 260 |
_aСофия _bНар. младеж _c1963 |
||
| 300 |
_a120 с. _bс ил. _c20 см |
||
| 380 | _aDX | ||
| 500 | _a1. изд. 1950. - 30 100 тир. - Истинското име на авт. е Аркадий Петрович Голиков. | ||
| 653 | _aдетска литература | ||
| 653 | _aлитература за деца | ||
| 700 |
_aДалчев, Атанас Христов _d1904-1978 _gПоет. Преводач от английски, френски, немски, испански, руски, гръцки и унгарски език. _9363753 |
||
| 700 | 1 |
_aКоренев, Владимир _eхудож. _9365106 |
|
| 700 | 1 |
_aГоликов, Аркадий Петрович _e* _9328453 |
|
| 852 | _aЦб 262572 | ||
| 856 | 4 |
_qpdf _i0.26 _ldisable |
|
| 856 | 4 |
_qpdf _i0.26 _ldisable |
|
| 942 |
_cKNG _n0 _s1 |
||
| 944 |
_aCR _c28.09.2013 _lCRON CRON _k |
||
| 944 |
_aED _c24.02.2015 _l28.09.2013 - от С1,Р / 28.09.2013 _kТеодора_Стоянова |
||
| 999 | _d144818 | ||